Бережливое производство / ДО 2023 (27.03.02): электронный курс
| Autor principal: | |
|---|---|
| Autor corporatiu: | |
| Sumari: | Заглавие с экрана Основная цель изучения курса «Бережливое производство» – сформировать у студентов систему знаний и практических навыков в области рациональной организации рабочих операций внутри производственных и обслуживающих процессов предприятий различных отраслей экономики. Рассмотрены понятия ценность, поток создания ценности как совокупность всех действий, которые требуется совершить, чтобы определенный продукт (товар, услуга или все вместе) прошел через три важных этапа менеджмента, свойственных любому бизнесу: решение проблем (от разработки концепции и рабочего проектирования до выпуска готового изделия), управление информационными потоками (от получения заказа до составления детального графика проекта и поставки товара), физическое преобразование (от сырья до того, как в руках у потребителя окажется готовый продукт) Интерактивный мультимедиа ресурс AM_Login_TPU |
| Idioma: | rus |
| Publicat: |
Томск, TPU Moodle, 2025
|
| Matèries: | |
| Accés en línia: | https://design.lms.tpu.ru/course/view.php?id=5309 |
| Format: | MixedMaterials Electrònic Llibre |
| KOHA link: | https://koha.lib.tpu.ru/cgi-bin/koha/opac-detail.pl?biblionumber=681894 |
MARC
| LEADER | 00000nlm0a2200000 4500 | ||
|---|---|---|---|
| 001 | 681894 | ||
| 005 | 20250926085659.0 | ||
| 090 | |a 681894 | ||
| 100 | |a 20250925d2025 m||y0rusy50 ca | ||
| 101 | 0 | |a rus | |
| 102 | |a RU | ||
| 105 | |a a j 000yy | ||
| 135 | |a jrcn ---uucaa | ||
| 181 | 0 | |a i |b e | |
| 182 | 0 | |a b | |
| 183 | 0 | |a cr |2 RDAcarrier | |
| 200 | 1 | |a Бережливое производство / ДО 2023 (27.03.02) |e электронный курс |f И. В. Плотникова |g Национальный исследовательский Томский политехнический университет, Отделение контроля и диагностики | |
| 203 | |a Текст |c электронный |b визуальный | ||
| 210 | |a Томск |c TPU Moodle |d 2025 | ||
| 283 | |a online_resource |2 RDAcarrier | ||
| 300 | |a Заглавие с экрана | ||
| 330 | |a Основная цель изучения курса «Бережливое производство» – сформировать у студентов систему знаний и практических навыков в области рациональной организации рабочих операций внутри производственных и обслуживающих процессов предприятий различных отраслей экономики. Рассмотрены понятия ценность, поток создания ценности как совокупность всех действий, которые требуется совершить, чтобы определенный продукт (товар, услуга или все вместе) прошел через три важных этапа менеджмента, свойственных любому бизнесу: решение проблем (от разработки концепции и рабочего проектирования до выпуска готового изделия), управление информационными потоками (от получения заказа до составления детального графика проекта и поставки товара), физическое преобразование (от сырья до того, как в руках у потребителя окажется готовый продукт) | ||
| 336 | |a Интерактивный мультимедиа ресурс | ||
| 371 | 0 | |a AM_Login_TPU | |
| 606 | |a Промышленные предприятия |x Режим экономии |x Экономия материалов |9 71067 | ||
| 610 | 1 | |a электронный ресурс | |
| 610 | 1 | |a труды учёных ТПУ | |
| 610 | 1 | |a электронное обучение | |
| 610 | 1 | |a кампусные онлайн-курсы | |
| 610 | 1 | |a дистанционное образование | |
| 610 | 1 | |a дистанционное обучение | |
| 610 | 1 | |a e-learning | |
| 610 | 1 | |a Moodle | |
| 675 | |a 658.18(075.8) |v 4 | ||
| 700 | 1 | |a Плотникова |b И. В. |c специалист в области качества |c доцент Томского политехнического университета, кандидат технических наук |f 1965- |g Инна Васильевна |9 14169 | |
| 712 | 0 | 2 | |a Национальный исследовательский Томский политехнический университет |b Инженерная школа неразрушающего контроля и безопасности |b Отделение контроля и диагностики |9 28375 |4 570 |
| 801 | 0 | |a RU |b 63413507 |c 20250925 |g RCR | |
| 850 | |a 63413507 | ||
| 856 | 4 | |u https://design.lms.tpu.ru/course/view.php?id=5309 |z https://design.lms.tpu.ru/course/view.php?id=5309 | |
| 942 | |c CF | ||